00753nam a22002057a 4500003000400000008004100004020001800045082002100063100002500084245009000109250001200199260004100211300001000252650004800262700002200310700001500332942001200347999001700359952017100376OSt260629b |||||||| |||| 00| 0 eng d a9780367242367 a519.502457bM12I aMccleery , Robin H.  aIntroduction to Statistics for Biology/by Robin H. Mccleery, Trudy A. Watt, Tom Hart a3rd ed. aBoca Raton : bChapman & Hallc2025. a273 p aPure Sciences | Mathematics | Biostatistics aWatt, Trudy A.  aHart, Tom  2ddccBK c52419d52419 00102ddc4070aRAUbRAUcGENd2026-06-29eToday & Tomorrow Printers and Publishers g3495.00o519.502457 M12Ip87599r2026-06-29w2026-01-29yBKkBill No. IN-00449